| 000 | 01653nam a2200253 a 4500 | ||
|---|---|---|---|
| 008 | 120416s1979 ||||||||||||||||| || u | ||
| 020 | _a0713419393 | ||
| 050 | _aTH 6021 Bur | ||
| 100 | _aBurberry, Peter | ||
| 245 | 1 | 0 | _aEnvironment and services |
| 250 | _a4th ed. | ||
| 260 |
_aNew York _bHalsted Press _c1979 |
||
| 300 | _a360p. : ill. | ||
| 350 | _a0.00 | ||
| 500 | _a16 copies in SBE LIBRARY | ||
| 995 |
_aBINDERY (DAMAGED) _D0.00 _e705182 _FCBU-MAIN LIBRARY (Kitwe) _H3 _I0.00 _jTH 6021 Bur _UDAMAGED _y016300 _ZMain Library Open Access Collection |
||
| 995 |
_aTEXTBOOKS (SBE) _D0.00 _e5509 _FCBU-SCHOOL TEXTBOOK COLLECTIONS _H1 _I0.00 _jSCHOOL TEXTBOOK _M4 _UAVAILABLE _WSep 10, 2009 _y5509 _ZSchool Collections |
||
| 995 |
_aTEXTBOOKS (SBE) _D0.00 _e5513 _FCBU-SCHOOL TEXTBOOK COLLECTIONS _H1 _I0.00 _jSCHOOL TEXTBOOK _M8 _UAVAILABLE _WSep 10, 2009 _y5513 _ZSchool Collections |
||
| 995 |
_aTEXTBOOKS (SBE) _D0.00 _e5511 _FCBU-SCHOOL TEXTBOOK COLLECTIONS _H1 _I0.00 _jSCHOOL TEXTBOOK _M6 _UAVAILABLE _WSep 10, 2009 _y5511 _ZSchool Collections |
||
| 995 |
_aANNEX COLLECTION (Main Library) _D0.00 _e705183 _FCBU-MAIN LIBRARY (Kitwe) _H1 _I0.00 _jTH 6021 Bur _UAVAILABLE _y016299 _ZAnnex Low-Usage Collection |
||
| 995 |
_aTEXTBOOKS (SBE) _D0.00 _e5512 _FCBU-SCHOOL TEXTBOOK COLLECTIONS _H1 _I0.00 _jSCHOOL TEXTBOOK _M7 _UAVAILABLE _WSep 10, 2009 _y5512 _ZSchool Collections |
||
| 995 |
_aANNEX COLLECTION (Main Library) _D0.00 _e705180 _FCBU-MAIN LIBRARY (Kitwe) _H2 _I0.00 _jTH 6021 Bur _UAVAILABLE _y016304 _ZAnnex Low-Usage Collection |
||
| 995 |
_aTEXTBOOKS (SBE) _D0.00 _e5510 _FCBU-SCHOOL TEXTBOOK COLLECTIONS _H1 _I0.00 _jSCHOOL TEXTBOOK _M5 _UAVAILABLE _WSep 10, 2009 _y5510 _ZSchool Collections |
||
| 999 |
_c62716 _d62716 |
||